Selected Data about Development in the Economy and Living Standard at the Slovak Republic (SR) and the Czech Republic (CR) 1950-1991

Salvato in:
Dettagli Bibliografici
Natura: Libro
Lingua:inglese
Pubblicazione: Bratislava Slovenský štatistický úrad 1992
Soggetti:
Tags: Aggiungi Tag
Nessun Tag, puoi essere il primo ad aggiungerne!!

MARC

LEADER 00000nam a2200000 4500
001 c002243
005 20251209134239.1
041 0 |a eng 
044 |a SK 
245 1 0 |a Selected Data about Development in the Economy and Living Standard at the Slovak Republic (SR) and the Czech Republic (CR)  |b 1950-1991 
264 1 |a Bratislava  |b Slovenský štatistický úrad  |c 1992 
300 |a 32 s. 
610 2 0 |a úroveň životná 
610 2 0 |a Česko 
610 2 0 |a Slovensko 
610 2 0 |a obyvateľstvo 
610 2 0 |a spotreba obyvateľstva 
610 2 0 |a vzdelanie 
610 2 0 |a kultúra 
610 2 0 |a zdravotníctvo 
610 2 0 |a zabezpečenie sociálne 
610 2 0 |a zamestnanosť 
610 2 0 |a nezamestnanosť 
610 2 0 |a priemysel 
610 2 0 |a stavebníctvo 
610 2 0 |a poľnohospodárstvo 
610 2 0 |a doprava 
610 2 0 |a spoje 
610 2 0 |a štruktúra ekonomická 
610 2 0 |a sektor súkromný